BTS Song Lyrics - Click Quiz #4 - Statistics

General Stats
  • This quiz has been taken 33 times
  • The average score is 13 of 20
Answer Stats
Hint Answer % Correct
So show me (I'll show you) Magic Shop
85%
All my ladies, put your hands up 21st Century Girl
78%
Why this bassline slappin' so rude? Hooligan
78%
Say what you want, say what you want Boy In Luv
74%
I'm the one I should love in this world Epiphany
74%
You call, I run Into the Sun
74%
Just close your eyes 何も言わない, I'll steal your heart 魔法のように Stay Gold
67%
언젠가 이 함성 멎을 때 stay (ayy), hey (ayy), you are my soulmate Friends
63%
I could see the sunshine, shine, shine, 'cause ___ just ____, just ____ I'm Fine
63%
But you're my everything (you're my), Everything (you're my), everything (you're my) I Need U
63%
Yeah, damn, ooh, damn right, ooh, damn right (____ _____ ____) they don't know 'bout us
63%
I'm ready to ___ __ (hoo-ooh-ooh, hoo-ooh-ooh) Let Go
59%
You know that I can't show you me, give you me The Truth Unfold
59%
Tell me what you wanna, tell me what you wanna, whoa Run BTS
56%
Yeah, we have you, have you We Are Bulletproof : the Eternal
56%
'Cause we got fire, fire, fire Attack on Bangtan
52%
Never, never fall Autumn Leaves
52%
I can be your Genie (oh-oh), how 'bout Aladdin? (Ah-ah) Filter
52%
Get me outta my blues and now I'm feelin' brand new Fly To My Room
52%
Listen my, my baby Boy With Luv
44%
No matching quizzes found
Score Distribution
Percent of People with Each Score
Percentile by Number Answered
Your Score History
You have not taken this quiz